00000000nam##2200000za#4500
0019.533623
003CaOODSP
00520210615083227
007ta
008150406|2001||||xxc|||||     f|0| 0 fre|d
020 |a0-662-64786-6
022 |a1203-8903
040 |aCaOODSP|bfre
041 |aeng
041 |afre
043 |an-cn---
0861 |aCH3-2/2001
1101 |aCanada. |bPatrimoine canadien.
24510|aMinorités francophones : |bassimilation et vitalité des communautés / |cpar Michael O'Keefe.
250 |a2e édition.
260 |aOttawa - Ontario : |bPatrimoine canadien |c2001.
300 |aTexte français, 106p. : |bfigures, tableaux ; |c23 cm.
4901 |aNouvelles perspectives canadiennes|x1203-8903
500 |a«Dans le présent document, nous tenterons d'examiner les concepts d'assimilation et de vitalité des communautés, de même que les données statistiques probantes sur la vitalité des communautés francophones hors Québec.»--Introduction.
504 |aBibliographie.
5203 |aDans le présent document, nous tenterons d'examiner les concepts d'assimilation et de vitalité des communautés, de même que les données statistiques probantes sur la vitalité des communautés francophones hors Québec.--Introduction
546 |aBilingue
563 |aCouverture souple
590 |a01-16|b2001-04-20
69107|aFrancophonie|2gcpds
69107|aAcculturation|2gcpds
69107|aFrançais|2gcpds
7201 |aO'Keefe, Michael
7760#|tFrancophone minorities : |w(CaOODSP)9.571942
7760#|tMinorités francophones : |w(CaOODSP)9.602361
791 |tFrancophone minorities : |eeng|w(CaOODSP)9.533622
830#0|aNouvelles perspectives canadiennes,|x1203-8903|w(CaOODSP)9.509087